000
00296nam a22001337a 4500
008
180824b xxu||||| |||| 00| 0 eng d
020
_a
9780781790697
041
_a
eng
080
_2
11 ED
_a
618
100
_a
10
101
_a
GJI
245
_a
MEDICAL EMBRYOLOGY
_c
SADLER.T.W
942
_2
udc
_c
BK
999
_c
47308
_d
47308